000 00864nam a2200253Ia 4500
003 OSt
005 20221005103301.0
006 a|||||r|||| 00| 0
007 ta
008 221004b |||||||| |||| 00| 0 hin d
024 _a33096
037 _cTextual
040 _aCRL
_cCRL
_bhin
041 _2hin
_ahin
082 _aR621x1,1, 152M4
100 _aशास्त्री, उदयवीर
245 0 _aवैशेषिकदर्शनम्
246 _aVaisheṣhikadarshanam
260 _aगाजियाबाद
_bविरजानन्द वैदिक संस्थान भारत
_c1984
300 _a455पृ.
_ccm.
650 _aसंस्कृत साहित्य
942 _hR621x1,1, 152M4
_cTEXL
_2cc
999 _c1009794
_d1009794